000 00345nam a2200145Ia 4500
008 230917s9999||||xx |||||||||||||| ||und||
040 _e114052
_aMAIN
041 _aEnglish
082 _a519.52 M896S
100 _aMukhopadhyay, Parimal
245 0 _aSurvey sampling
260 _aNew Delhi
_bNarosa
_c2007
300 _a256p p.
942 _cBK
999 _c139905
_d139905